Slovenská sporiteľňa hospodárila vlani s dvojmiliardovým ziskom

Privatizačné projekty Slovenskej sporiteľne, a.s., obchodnej banky, ktorej 100 perc. účastín je v správe FNM. Výnosy v r.1993 väčšinou do rezerv. Vyššia dynamika rastu devízových vkladov. Stratové sociálne pôžičky. Medzibankový platobný styk, najviac sa obchoduje v DEM. Investície banky, dcérske spo...

Descripción completa

Guardado en:
Detalles Bibliográficos
Autor principal: Matloň, Igor
Formato: Capítulo de libro
Lenguaje:eslovaco
Materias:
Etiquetas: Agregar Etiqueta
Sin Etiquetas, Sea el primero en etiquetar este registro!

MARC

LEADER 00000naa a2200000 4500
001 r015616
005 20221205091323.2
041 0 |a slo 
044 |a SK 
245 1 0 |a Slovenská sporiteľňa hospodárila vlani s dvojmiliardovým ziskom  |c Igor Matloň 
520 |a Privatizačné projekty Slovenskej sporiteľne, a.s., obchodnej banky, ktorej 100 perc. účastín je v správe FNM. Výnosy v r.1993 väčšinou do rezerv. Vyššia dynamika rastu devízových vkladov. Stratové sociálne pôžičky. Medzibankový platobný styk, najviac sa obchoduje v DEM. Investície banky, dcérske spoločnosti a zastúpenia v ostatných slovenských bankách. 
610 2 0 |a Slovenská sporiteľňa, a.s. Bratislava 
610 2 0 |a výsledok hospodársky 
610 2 0 |a 1993 
610 2 0 |a privatizácia 
610 2 0 |a vklady 
610 2 0 |a styk platobný 
610 2 0 |a investície 
610 2 0 |a spoločnosti dcérske 
610 2 0 |a výnosy podnikové 
100 1 |a Matloň, Igor